000
00275nam a2200121Ia 4500
008
190216s9999||||xx |||||||||||||| ||und||
100
_a
De Kock M H
245
0
_a
Central Banking
260
_b
London Staples Press
_c
1969
300
_a
336p
650
_a
Economics
942
_c
BK
999
_c
9213
_d
9213